<?xml version="1.0" encoding="UTF-8"?>
<marc:record xmlns:marc="http://www.loc.gov/MARC21/slim">
   <marc:leader>00000nam a2200000 a 4500</marc:leader>
   <marc:datafield ind1="1" ind2=" " tag="100">
      <marc:subfield code="a">George, Patrick</marc:subfield>
      <marc:subfield code="4">aut</marc:subfield>
      <marc:subfield code="e">Verfasser/-in</marc:subfield>
   </marc:datafield>
   <marc:datafield ind1=" " ind2=" " tag="653">
      <marc:subfield code="a">Naturschutz</marc:subfield>
   </marc:datafield>
   <marc:datafield ind1=" " ind2=" " tag="653">
      <marc:subfield code="a">Umweltbewusstsein</marc:subfield>
   </marc:datafield>
   <marc:datafield ind1=" " ind2=" " tag="653">
      <marc:subfield code="a">Umweltschutz</marc:subfield>
   </marc:datafield>
   <marc:datafield ind1=" " ind2=" " tag="653">
      <marc:subfield code="a">Klimaschutz</marc:subfield>
   </marc:datafield>
   <marc:datafield ind1=" " ind2=" " tag="653">
      <marc:subfield code="a">Sachbücher und Sachbilderbücher für Kinder und Jugendliche</marc:subfield>
   </marc:datafield>
   <marc:datafield ind1="0" ind2="0" tag="245">
      <marc:subfield code="a">Rettet die Erde!</marc:subfield>
   </marc:datafield>
   <marc:datafield ind1=" " ind2="1" tag="264">
      <marc:subfield code="b">Moritz-Verl.</marc:subfield>
      <marc:subfield code="c">2020</marc:subfield>
   </marc:datafield>
   <marc:datafield ind1="1" ind2=" " tag="520">
      <marc:subfield code="a">Kinder sehen sich den großen Veränderungen im Zeitalter des Klimawandels besonders hilflos ausgeliefert. In den vergangenen Monaten sind sie auf die Straße gegangen und fordern die Erwachsenen zum Umdenken auf.

Dass jede und jeder die Möglichkeit hat, im direkten Umfeld etwas zu ändern, zeigt das neue Folien-Bilderbuch von Patrick George sehr kreativ: Lasst das Auto stehen! Verschwendet keinen Strom! Spart Wasser! Pflanzt Bäume!
Durch Hin- und Herblättern der Folienseiten landet ein Auto in der Garage, wird eine Wurst zur Gurke oder findet Müll den Weg aus dem Meer in die Tonne ...

Kinder bekommen auf diese Weise das Gefühl, etwas verändern zu können – erst im Buch, dann in der Realität. Die englische Originalausgabe wurde mit Crowdfunding realisiert.</marc:subfield>
   </marc:datafield>
   <marc:datafield ind1=" " ind2=" " tag="020">
      <marc:subfield code="a">9783895653926</marc:subfield>
      <marc:subfield code="9">9783895653926</marc:subfield>
   </marc:datafield>
</marc:record>
